| 000 | 01522nad a2200409 a 4500 | ||
|---|---|---|---|
| 001 | MIU01000000000000005807606 | ||
| 003 | MiU | ||
| 005 | 20231010141044.0 | ||
| 007 | cr mnummmmuuuu | ||
| 008 | 010212s2001 njuab sb 001 0 eng d | ||
| 010 | _z00056508 | ||
| 020 | _z0691059039 | ||
| 024 | 7 |
_a2027/heb02237 _2hdl |
|
| 040 |
_aMiU _cMiU |
||
| 090 |
_aE839.5 _b(INTERNET) |
||
| 100 | 1 |
_aMcGirr, Lisa, _d1962- _935777 |
|
| 245 | 1 | 0 |
_aSuburban warriors _h[electronic resource] : _bthe origins of the new American Right / _cLisa McGirr. |
| 300 |
_axiii, 395 p. : _bill., map ; _c24 cm. |
||
| 504 | _aIncludes bibliographical references and index. | ||
| 650 | 0 |
_zUnited States _xHistory _y20th century. _9285 |
|
| 651 | 0 |
_aUnited States _xPolitics and government _y1945-1989. _935778 |
|
| 650 | 0 |
_xHistory _y20th century. _9310 |
|
| 830 | 0 |
_aACLS Fellows’ publications. _935779 |
|
| 830 | 0 |
_aACLS Humanities E-Book. _935780 |
|
| 856 | 4 | 0 |
_zVolltext _uhttps://hdl.handle.net/2027/heb02237 |
| 942 | _cEB | ||
| 500 | _aE-Book-ACLS / Zugriff nur im DHI-Lesesaal | ||
| 653 | _aConservatism | ||
| 653 | _aRight and left (Political science) | ||
| 336 |
_2rdacontent _btxt _aText |
||
| 337 |
_2rdamedia _bbc _aComputermedien |
||
| 338 |
_2rdacarrier _bcr _aOnline Ressource |
||
| 264 |
_aPrinceton, N.J. : _bPrinceton University Press, _cc2001. |
||
| 490 | _aPolitics and society in twentieth-century America | ||
| 041 | _aeng | ||
| 500 | _aAmerican Council of Learned Societies/ https://www.humanitiesebook.org/about/ | ||
| 999 |
_c65056 _d65056 |
||